[Event "Deutsche Ländermeisterschaft 2017"]
[Site "Hannover GER"]
[Date "2017.10.02"]
[Round "4"]
[White "Wagner, Leopold Franziskus"]
[Black "Weber, Samuel"]
[Result "1/2-1/2"]
[Termination "normal"]
[Board "7.2"]
[WhiteElo "2058"]
[BlackElo "2240"]
[WhiteTeam "Nordrhein-Westfalen"]
[BlackTeam "Hessen"]
[PlyCount "87"]
[WhiteFideId "1641581"]
[BlackFideId "12924008"]
[EventCountry "GER"]
[EventRounds "7"]
[EventType "team-swiss"]
[EventDate "2017.09.29"]

1. d4 Nf6 2. c4 e6 3. Nc3 Bb4 4. Qc2 O-O 5. e4 d5 6. e5 Ne4 7. Bd3 c5 8. Nge2
cxd4 9. Nxd4 Nd7 10. Bf4 Qh4 11. g3 Qh5 12. Bxe4 dxe4 13. Qxe4 Nc5 14. Qe2 Qg6
15. Rd1 b6 16. O-O Bxc3 17. bxc3 Bb7 18. Nb3 Qe4 19. Qxe4 Nxe4 20. c5 Nxc3 21.
Rd2 Rad8 22. Rc2 Nd5 23. Bd2 Ba6 24. Rfc1 Bd3 25. Rb2 Rc8 26. Be3 b5 27. Bd4
Rfd8 28. Na5 Nb6 29. Be3 Nc4 30. Nxc4 Bxc4 31. f4 Rd3 32. Kf2 Rcd8 33. a4 a6
34. axb5 axb5 35. Ra1 h5 36. h3 Kh7 37. g4 hxg4 38. hxg4 Kg6 39. Rh1 Ra8 40.
Rd2 Rc3 41. Rb2 Raa3 42. Re1 Rab3 43. Rxb3 Bxb3 44. Rc1 1/2-1/2

[Event "Deutsche Ländermeisterschaft 2017"]
[Site "Hannover GER"]
[Date "2017.10.02"]
[Round "4"]
[White "Stork, Oliver"]
[Black "Delere, Adrian"]
[Result "1-0"]
[Termination "normal"]
[Board "7.3"]
[WhiteElo "2175"]
[BlackElo "1872"]
[WhiteTeam "Hessen"]
[BlackTeam "Nordrhein-Westfalen"]
[PlyCount "69"]
[WhiteFideId "12955728"]
[BlackFideId "12990400"]
[EventCountry "GER"]
[EventRounds "7"]
[EventType "team-swiss"]
[EventDate "2017.09.29"]

1. c4 f5 2. g3 Nf6 3. Bg2 g6 4. Nc3 Bg7 5. d3 d6 6. e4 c6 7. Nge2 O-O 8. O-O e5
9. h3 Be6 10. exf5 gxf5 11. f4 Nbd7 12. Be3 Qe7 13. Qc2 Nb6 14. b3 Nfd7 15.
Rae1 h5 16. fxe5 dxe5 17. Qd2 Bf6 18. d4 exd4 19. Nxd4 Be5 20. Bf4 Qf6 21. Bxe5
Nxe5 22. Rxe5 Qxe5 23. Qg5+ Kh7 24. Qxh5+ Kg7 25. Qg5+ Kh7 26. Rf4 Qxf4 27.
Qxf4 Rae8 28. Qh4+ Kg6 29. Nce2 Rh8 30. Qf4 Bc8 31. h4 Rhf8 32. Qg5+ Kh7 33.
Nf4 Rg8 34. Qh5+ Kg7 35. Qg6+ 1-0

[Event "Deutsche Ländermeisterschaft 2017"]
[Site "Hannover GER"]
[Date "2017.10.02"]
[Round "4"]
[White "Arakelian, Aik"]
[Black "Neukirchner, Pascal"]
[Result "0-1"]
[Termination "normal"]
[Board "7.4"]
[WhiteElo "1762"]
[BlackElo "2123"]
[WhiteTeam "Nordrhein-Westfalen"]
[BlackTeam "Hessen"]
[PlyCount "104"]
[WhiteFideId "16220340"]
[BlackFideId "12997927"]
[EventCountry "GER"]
[EventRounds "7"]
[EventType "team-swiss"]
[EventDate "2017.09.29"]

1. e4 c5 2. Nf3 Nc6 3. Bb5 g6 4. O-O Bg7 5. c3 Nf6 6. e5 Nd5 7. d4 cxd4 8. cxd4
O-O 9. Nc3 Nxc3 10. bxc3 d6 11. exd6 Qxd6 12. a4 Bg4 13. h3 Bxf3 14. Qxf3 Rac8
15. a5 a6 16. Ba3 Qf6 17. Bxc6 Rxc6 18. Qxf6 Bxf6 19. Bc5 Rd8 20. Bb6 Rd7 21.
Ra3 e5 22. Rd1 Rc4 23. d5 e4 24. Rb3 Rxc3 25. Rb4 Rd3 26. Rc1 e3 27. Bxe3 R3xd5
28. Bh6 Bd8 29. Re4 Re7 30. Rce1 Rdd7 31. Rxe7 Rxe7 32. Rc1 f6 33. Rc8 Rd7 34.
Be3 Kf7 35. Rc5 Ke6 36. Kf1 Rd5 37. Rc8 Bxa5 38. Re8+ Kf7 39. Rb8 Rd7 40. Ke2
Ke6 41. Re8+ Re7 42. Rc8 Kd7 43. Rf8 f5 44. Rf6 Bc3 45. Rb6 Kc7 46. Rb3 Bd4 47.
Kd3 Bxe3 48. fxe3 b5 49. Kd4 Kb6 50. g4 a5 51. Kd3 a4 52. Rc3 Rc7 0-1

[Event "Deutsche Ländermeisterschaft 2017"]
[Site "Hannover GER"]
[Date "2017.10.02"]
[Round "4"]
[White "Krastev, Alexander"]
[Black "Müdder, Melanie"]
[Result "1-0"]
[Termination "normal"]
[Board "7.5"]
[WhiteElo "2072"]
[BlackElo "1798"]
[WhiteTeam "Hessen"]
[BlackTeam "Nordrhein-Westfalen"]
[PlyCount "113"]
[WhiteFideId "12989983"]
[BlackFideId "12994103"]
[EventCountry "GER"]
[EventRounds "7"]
[EventType "team-swiss"]
[EventDate "2017.09.29"]

1. e4 c5 2. Nc3 Nc6 3. Bb5 Nd4 4. Bc4 e6 5. Nge2 Nf6 6. O-O a6 7. d3 b5 8. Bb3
Nxb3 9. axb3 b4 10. Na4 Be7 11. f4 O-O 12. Qe1 Bb7 13. Be3 Rc8 14. Qg3 Qc7 15.
Qh3 Rfe8 16. Rf3 d5 17. e5 d4 18. exf6 Bxf6 19. Bd2 Bxf3 20. Qxf3 e5 21. Ng3
exf4 22. Bxf4 Be5 23. Rf1 Bxf4 24. Qxf4 Qxf4 25. Rxf4 Re1+ 26. Rf1 Rxf1+ 27.
Kxf1 f5 28. Ke2 g6 29. Kd2 Kf7 30. c3 dxc3+ 31. bxc3 bxc3+ 32. Kxc3 Ke6 33. Kc4
Kd6 34. Ne2 Re8 35. Nac3 g5 36. Ng3 Re5 37. Nb1 h6 38. Nd2 Re1 39. d4 Rc1+ 40.
Kd3 Ke6 41. d5+ Kxd5 42. Nxf5 h5 43. Ng3 Rg1 44. Ndf1 Ke5 45. Ne3 Rb1 46. Kc2
Re1 47. Nc4+ Kd5 48. Nxh5 Kd4 49. Ng3 Ra1 50. Ne2+ Ke4 51. Nc1 Kd4 52. Kb2 Rxc1
53. Kxc1 Kc3 54. Nd2 Kd3 55. h3 Ke3 56. g3 a5 57. Kc2 1-0

[Event "Deutsche Ländermeisterschaft 2017"]
[Site "Hannover GER"]
[Date "2017.10.02"]
[Round "4"]
[White "Rudolph, Eva"]
[Black "Reinecke, Katharina"]
[Result "0-1"]
[Termination "normal"]
[Board "7.6"]
[WhiteElo "1763"]
[BlackElo "1994"]
[WhiteTeam "Nordrhein-Westfalen"]
[BlackTeam "Hessen"]
[PlyCount "104"]
[WhiteFideId "16200594"]
[BlackFideId "12929727"]
[EventCountry "GER"]
[EventRounds "7"]
[EventType "team-swiss"]
[EventDate "2017.09.29"]

1. e4 c6 2. d4 d5 3. e5 Bf5 4. Be3 e6 5. Nd2 Ne7 6. Ngf3 Bg6 7. Be2 Nf5 8. O-O
Be7 9. c4 dxc4 10. Nxc4 Nd7 11. a3 Nb6 12. Nxb6 axb6 13. b4 b5 14. Qb3 O-O 15.
a4 bxa4 16. Rxa4 Qb6 17. Rxa8 Rxa8 18. b5 Ra3 19. Qc4 Nxe3 20. fxe3 Rxe3 21.
Rc1 Be4 22. bxc6 Qxc6 23. Kf2 Ra3 24. Ne1 Ra4 25. Qxc6 Bxc6 26. Bf3 Rxd4 27.
Bxc6 bxc6 28. Rxc6 g6 29. Ke3 Rd5 30. Nf3 Rd7 31. Rc3 Kg7 32. Rc6 Bd8 33. Ra6
Rb7 34. Kf2 Bc7 35. Rc6 Bb8 36. Rc2 Rb5 37. Re2 h6 38. Re4 Rb2+ 39. Kg3 Rb5 40.
Kf2 Ra5 41. Re2 Rc5 42. Re4 Rb5 43. Re2 Rb4 44. Kg3 g5 45. h3 Kg6 46. Kf2 h5
47. Ne1 Rb5 48. Nf3 g4 49. hxg4 hxg4 50. Ne1 Rxe5 51. Rb2 Ba7+ 52. Kf1 Rf5+ 0-1

[Event "Deutsche Ländermeisterschaft 2017"]
[Site "Hannover GER"]
[Date "2017.10.02"]
[Round "4"]
[White "Wachinger, Nikolas"]
[Black "Pfreundt, Jakob"]
[Result "1/2-1/2"]
[Termination "normal"]
[Board "8.1"]
[WhiteElo "2048"]
[BlackElo "2388"]
[WhiteTeam "Bremen"]
[BlackTeam "Hamburg"]
[PlyCount "133"]
[WhiteFideId "12962791"]
[BlackFideId "12918156"]
[EventCountry "GER"]
[EventRounds "7"]
[EventType "team-swiss"]
[EventDate "2017.09.29"]

1. e4 e5 2. Nf3 Nc6 3. Bb5 a6 4. Bxc6 dxc6 5. O-O Bg4 6. h3 h5 7. d3 Qf6 8.
Nbd2 Ne7 9. Re1 Ng6 10. d4 Nf4 11. dxe5 Qg6 12. Nh4 Bxd1 13. Nxg6 Nxg6 14. Rxd1
O-O-O 15. e6 fxe6 16. Re1 Be7 17. Nf3 e5 18. Be3 h4 19. Rad1 Rd6 20. Kf1 Rh5
21. Ke2 Nf8 22. Rd3 Rg6 23. Kf1 Ne6 24. Red1 Rf6 25. Nh2 Rf8 26. Nf3 Bc5 27.
Bxc5 Nxc5 28. R3d2 a5 29. c3 b6 30. Re2 a4 31. Re3 b5 32. Re2 Kb7 33. Re3 Kc8
34. Re2 Nb7 35. Ne1 Rh6 36. Nd3 Rd6 37. Red2 Re8 38. b3 axb3 39. axb3 c5 40.
Ra2 c4 41. bxc4 bxc4 42. Ra8+ Kd7 43. Rxe8 Kxe8 44. Nb2 Nc5 45. f3 Rxd1+ 46.
Nxd1 Ke7 47. Nb2 Kf6 48. Ke2 Ne6 49. Nxc4 Nf4+ 50. Kf2 Nd3+ 51. Ke2 Nf4+ 52.
Kf1 Ke6 53. Ne3 g6 54. Ke1 Kd6 55. Kd2 Kc5 56. Ng4 Kd6 57. Ne3 Kc5 58. Kc2 Kd6
59. Kb2 Kc5 60. Kb3 c6 61. Kc2 Kd6 62. Kb2 Kc5 63. Kb3 Kb5 64. Ka2 Kc5 65. Ka3
Kb5 66. Kb3 Kc5 67. Kc2 1/2-1/2

[Event "Deutsche Ländermeisterschaft 2017"]
[Site "Hannover GER"]
[Date "2017.10.02"]
[Round "4"]
[White "Gremmel, Jonas Simon"]
[Black "Colbow, Collin"]
[Result "0-1"]
[Termination "normal"]
[Board "8.2"]
[WhiteElo "1815"]
[BlackElo "2034"]
[WhiteTeam "Hamburg"]
[BlackTeam "Bremen"]
[PlyCount "96"]
[WhiteFideId "12983896"]
[BlackFideId "16201132"]
[EventCountry "GER"]
[EventRounds "7"]
[EventType "team-swiss"]
[EventDate "2017.09.29"]

1. d4 Nf6 2. Nf3 e6 3. c4 Bb4+ 4. Bd2 Qe7 5. e3 O-O 6. Bd3 Bxd2+ 7. Nbxd2 d6 8.
O-O e5 9. Be2 Re8 10. e4 Nh5 11. Re1 Qf6 12. d5 Nd7 13. Bf1 Nf8 14. g3 Qh6 15.
Nh4 g6 16. Bg2 Ng7 17. b4 f5 18. exf5 gxf5 19. c5 Ng6 20. Nhf3 f4 21. cxd6 cxd6
22. Nc4 Bf5 23. Qb3 Rad8 24. Rac1 Bg4 25. Nfd2 Nf5 26. Ne4 Rf8 27. Qb2 b5 28.
Ncd2 Nd4 29. Nb3 Nf3+ 30. Bxf3 Bxf3 31. Qc3 fxg3 32. fxg3 Qh3 33. Qd2 Rf5 34.
Nc3 Rdf8 35. Rf1 e4 36. Nd1 Rg5 37. Ne3 Nf4 38. Rf2 Rxg3+ 39. Ng2 Rxg2+ 40.
Rxg2+ Qxg2+ 41. Qxg2+ Bxg2 42. Nd4 Bf3 43. a3 Ne2+ 44. Nxe2 Bxe2 45. Rc6 Bc4
46. a4 e3 47. axb5 e2 48. h4 e1=Q+ 0-1

[Event "Deutsche Ländermeisterschaft 2017"]
[Site "Hannover GER"]
[Date "2017.10.02"]
[Round "4"]
[White "Silber, Kevin"]
[Black "Weißhorn, Lasse"]
[Result "0-1"]
[Termination "normal"]
[Board "8.3"]
[WhiteElo "1992"]
[BlackElo "1754"]
[WhiteTeam "Bremen"]
[BlackTeam "Hamburg"]
[PlyCount "110"]
[WhiteFideId "12930440"]
[BlackFideId "12943045"]
[EventCountry "GER"]
[EventRounds "7"]
[EventType "team-swiss"]
[EventDate "2017.09.29"]

1. e4 e5 2. Nf3 Nc6 3. Bb5 a6 4. Bxc6 dxc6 5. O-O Bg4 6. h3 Bh5 7. g4 Bg6 8.
Nxe5 Qh4 9. Kg2 Bxe4+ 10. f3 Bd5 11. Qe1 Qxe1 12. Rxe1 O-O-O 13. c4 Be6 14. f4
Bd6 15. b3 h5 16. f5 Bxe5 17. Rxe5 Bd7 18. Nc3 hxg4 19. hxg4 g6 20. Ba3 gxf5
21. Rf1 Nh6 22. Be7 Nxg4 23. Bxd8 Nxe5 24. Bf6 Rg8+ 25. Kh1 Ng4 26. Bd4 Rg6 27.
Re1 Rd6 28. Be3 b6 29. Re2 Rd3 30. Nd1 Rd6 31. Nf2 Nxe3 32. dxe3 c5 33. Kg2 b5
34. Kf3 Kb7 35. Rc2 Kb6 36. Nh3 Be6 37. Ng5 bxc4 38. bxc4 Ka5 39. Nxe6 fxe6 40.
Rb2 Rb6 41. Rc2 Kb4 42. Kf4 Ka3 43. Ke5 a5 44. Rd2 a4 45. Kf6 Rb2 46. Rd3+ Kxa2
47. Kxe6 Rb3 48. Rd2+ Kb1 49. Rd1+ Kb2 50. Rd2+ Kc3 51. Ra2 Kb4 52. Re2 a3 53.
Kxf5 Rb2 54. Re1 a2 55. Ra1 Kxc4 0-1

[Event "Deutsche Ländermeisterschaft 2017"]
[Site "Hannover GER"]
[Date "2017.10.02"]
[Round "4"]
[White "Huo, Da"]
[Black "Heldt, Nils-Lennart"]
[Result "0-1"]
[Termination "normal"]
[Board "8.4"]
[WhiteElo "1659"]
[BlackElo "2001"]
[WhiteTeam "Hamburg"]
[BlackTeam "Bremen"]
[PlyCount "80"]
[WhiteFideId "16221206"]
[BlackFideId "12952109"]
[EventCountry "GER"]
[EventRounds "7"]
[EventType "team-swiss"]
[EventDate "2017.09.29"]

1. e4 e5 2. Nf3 Nc6 3. Bc4 Bc5 4. c3 Nf6 5. d3 a6 6. O-O d6 7. Nbd2 Ba7 8. Re1
O-O 9. Nf1 Na5 10. Bb3 Nxb3 11. Qxb3 Be6 12. Qc2 Ng4 13. Ne3 Kh8 14. h3 Nh6 15.
d4 exd4 16. cxd4 f5 17. e5 f4 18. Nf1 d5 19. Bd2 g5 20. N1h2 Qe7 21. a3 Qg7 22.
Bc3 g4 23. hxg4 Nxg4 24. Nxg4 Bxg4 25. Kf1 Bf5 26. Qd2 Be4 27. Nh4 Qg4 28. f3
Qxh4 29. fxe4 f3 30. Qe3 Qh1+ 31. Qg1 Qxg1+ 32. Kxg1 f2+ 33. Kh2 fxe1=Q 34.
Rxe1 c6 35. exd5 cxd5 36. e6 Rae8 37. Re5 Bb8 38. e7 Rf7 39. g3 Bxe5 40. dxe5
Rfxe7 0-1

[Event "Deutsche Ländermeisterschaft 2017"]
[Site "Hannover GER"]
[Date "2017.10.02"]
[Round "4"]
[White "Wachinger, David"]
[Black "Summers, Jan"]
[Result "1-0"]
[Termination "normal"]
[Board "8.5"]
[WhiteElo "1945"]
[BlackElo "1548"]
[WhiteTeam "Bremen"]
[BlackTeam "Hamburg"]
[PlyCount "47"]
[WhiteFideId "24692689"]
[BlackFideId "16217624"]
[EventCountry "GER"]
[EventRounds "7"]
[EventType "team-swiss"]
[EventDate "2017.09.29"]

1. d4 d5 2. c4 e6 3. Nc3 Nf6 4. cxd5 exd5 5. Bg5 Be7 6. e3 c6 7. Qc2 Nbd7 8.
Bd3 b6 9. Nf3 Bb7 10. O-O O-O 11. Rac1 Rc8 12. Qa4 a5 13. Bf5 Ne4 14. Bxe7 Qxe7
15. Nxd5 cxd5 16. Qxd7 Qxd7 17. Bxd7 Rcd8 18. Rc7 Ba6 19. Rfc1 Nf6 20. Bh3 a4
21. Ne5 Rfe8 22. Nxf7 Rb8 23. Nd6 Red8 24. Be6+ 1-0

[Event "Deutsche Ländermeisterschaft 2017"]
[Site "Hannover GER"]
[Date "2017.10.02"]
[Round "4"]
[White "Hölzer, Jeanette"]
[Black "Silber, Stefanie"]
[Result "1-0"]
[Termination "normal"]
[Board "8.6"]
[WhiteElo "1406"]
[BlackElo "1586"]
[WhiteTeam "Hamburg"]
[BlackTeam "Bremen"]
[PlyCount "39"]
[WhiteFideId "12917982"]
[BlackFideId "12918245"]
[EventCountry "GER"]
[EventRounds "7"]
[EventType "team-swiss"]
[EventDate "2017.09.29"]

1. e4 c6 2. d4 d5 3. Nc3 dxe4 4. Nxe4 Bf5 5. Ng3 Bg6 6. Nh3 h6 7. Nf4 Bh7 8.
Bc4 Nf6 9. O-O g5 10. Nfh5 Nbd7 11. Re1 Nd5 12. c3 N7b6 13. Bb3 e6 14. Qf3 Be7
15. Ng7+ Kd7 16. Qxf7 Bg8 17. Qg6 Nf4 18. Bxf4 gxf4 19. Bxe6+ Kc7 20. Bxg8 1-0

[Event "Deutsche Ländermeisterschaft 2017"]
[Site "Hannover GER"]
[Date "2017.10.02"]
[Round "4"]
[White "Duan, Muxi"]
[Black "Abicht, Aruna Sophia"]
[Result "0-1"]
[Termination "normal"]
[Board "8.7"]
[WhiteElo "1387"]
[BlackElo "1349"]
[WhiteTeam "Bremen"]
[BlackTeam "Hamburg"]
[PlyCount "68"]
[WhiteFideId "12971960"]
[EventCountry "GER"]
[EventRounds "7"]
[EventType "team-swiss"]
[EventDate "2017.09.29"]

1. e4 e5 2. Nf3 Nc6 3. Bb5 Nge7 4. c3 g6 5. d3 Bg7 6. Bg5 h6 7. Bh4 g5 8. Bg3
d6 9. h3 Bd7 10. d4 exd4 11. Nxd4 Nxd4 12. Bxd7+ Qxd7 13. cxd4 c5 14. Na3 Bxd4
15. Qd2 Qe6 16. Qe2 f5 17. O-O O-O-O 18. Nb5 Nc6 19. Rac1 f4 20. Bh2 a6 21.
Nxd4 Nxd4 22. Qd3 Kb8 23. a3 d5 24. Rfe1 dxe4 25. Rxe4 Qd5 26. Rd1 Nf3+ 27.
gxf3 Qxd3 28. Rxd3 Rxd3 29. Re2 Rhd8 30. h4 Rd2 31. Re5 R8d5 32. Rxg5 hxg5 33.
hxg5 Rd1+ 34. Kg2 Rxg5+ 0-1

[Event "Deutsche Ländermeisterschaft 2017"]
[Site "Hannover GER"]
[Date "2017.10.02"]
[Round "4"]
[White "Recktenwald, Cedric"]
[Black "Tiarks, Jann-Christian"]
[Result "1-0"]
[Termination "normal"]
[Board "9.1"]
[WhiteElo "1745"]
[BlackElo "2056"]
[WhiteTeam "Saarland"]
[BlackTeam "Brandenburg"]
[PlyCount "65"]
[WhiteFideId "12971928"]
[BlackFideId "12951595"]
[EventCountry "GER"]
[EventRounds "7"]
[EventType "team-swiss"]
[EventDate "2017.09.29"]

1. e4 c5 2. Nf3 e6 3. b3 b6 4. Bb2 Bb7 5. Nc3 a6 6. g3 d6 7. Bg2 Nf6 8. Qe2 Be7
9. O-O O-O 10. d4 cxd4 11. Nxd4 Qc7 12. Rad1 Nbd7 13. Nf3 b5 14. Ne1 b4 15. Na4
Rac8 16. c3 bxc3 17. Nxc3 Rfd8 18. Na4 d5 19. exd5 Nf8 20. dxe6 Nxe6 21. Be5
Bd6 22. Rxd6 Rxd6 23. Bxd6 Qxd6 24. Bxb7 Re8 25. Qxa6 Qd2 26. Nf3 Qxa2 27. b4
Qb3 28. Qa5 Nd8 29. Nc5 Qc3 30. Nh4 Ng4 31. Qb5 Re1 32. Qd7 Qf6 33. Qxg4 1-0

[Event "Deutsche Ländermeisterschaft 2017"]
[Site "Hannover GER"]
[Date "2017.10.02"]
[Round "4"]
[White "Teichert, Felix"]
[Black "Jenner, Meikel"]
[Result "1/2-1/2"]
[Termination "normal"]
[Board "9.2"]
[WhiteElo "2019"]
[BlackElo "1528"]
[WhiteTeam "Brandenburg"]
[BlackTeam "Saarland"]
[PlyCount "62"]
[WhiteFideId "12987670"]
[BlackFideId "16245342"]
[EventCountry "GER"]
[EventRounds "7"]
[EventType "team-swiss"]
[EventDate "2017.09.29"]

1. c4 e5 2. Nc3 Nf6 3. d3 Nc6 4. g3 Bb4 5. a3 Bxc3+ 6. bxc3 O-O 7. Bg2 Re8 8.
e3 d6 9. Rb1 e4 10. d4 Na5 11. Qe2 b6 12. f3 Ba6 13. fxe4 Nxe4 14. Qc2 Qe7 15.
Ne2 Bxc4 16. Nf4 d5 17. Nd3 Bxd3 18. Qxd3 Qf6 19. Rb2 Nc4 20. Re2 c6 21. Rf1
Qd6 22. Rf4 Nf6 23. e4 Nd7 24. Bh3 Re7 25. e5 Qg6 26. Bf5 Qh6 27. Kd1 g6 28.
Bxd7 Rxd7 29. Rxf7 Qxc1+ 30. Kxc1 Rxf7 31. a4 Raf8 1/2-1/2

[Event "Deutsche Ländermeisterschaft 2017"]
[Site "Hannover GER"]
[Date "2017.10.02"]
[Round "4"]
[White "Jeschke, Jan"]
[Black "Woithe, Daniel"]
[Result "1/2-1/2"]
[Termination "normal"]
[Board "9.3"]
[WhiteElo "1261"]
[BlackElo "1793"]
[WhiteTeam "Saarland"]
[BlackTeam "Brandenburg"]
[PlyCount "90"]
[WhiteFideId "16225430"]
[BlackFideId "16244648"]
[EventCountry "GER"]
[EventRounds "7"]
[EventType "team-swiss"]
[EventDate "2017.09.29"]

1. e4 e6 2. d4 d5 3. Nd2 c5 4. c3 Nc6 5. Ngf3 Nf6 6. Bd3 Be7 7. O-O O-O 8. dxc5
Bxc5 9. e5 Nd7 10. Nb3 Be7 11. Qc2 f5 12. Re1 Kh8 13. Nbd4 Nc5 14. Nxc6 bxc6
15. b4 Nxd3 16. Qxd3 a5 17. Bd2 Ba6 18. Qc2 c5 19. bxa5 Bc4 20. g3 Qxa5 21. Bg5
Bxg5 22. Nxg5 Qa6 23. Reb1 h6 24. Nh3 Bd3 25. Qd1 Bxb1 26. Rxb1 Rfb8 27. Nf4
Qxa2 28. Rxb8+ Rxb8 29. Qh5 Kg8 30. Nxe6 Qb1+ 31. Kg2 Qe4+ 32. f3 Qxe5 33. Qg6
Ra8 34. f4 Qe2+ 35. Kh3 Qg4+ 36. Qxg4 fxg4+ 37. Kxg4 c4 38. Kf5 Re8 39. Nc7 Re3
40. Nxd5 Re2 41. h4 Kf7 42. Nb6 Re3 43. Nxc4 Rxc3 44. Ne5+ Ke7 45. g4 Ra3
1/2-1/2

[Event "Deutsche Ländermeisterschaft 2017"]
[Site "Hannover GER"]
[Date "2017.10.02"]
[Round "4"]
[White "Eue, Vicky"]
[Black "Chassard, Cedric"]
[Result "1/2-1/2"]
[Termination "normal"]
[Board "9.4"]
[WhiteElo "1654"]
[BlackElo "1518"]
[WhiteTeam "Brandenburg"]
[BlackTeam "Saarland"]
[PlyCount "122"]
[WhiteFideId "12945838"]
[BlackFideId "16243536"]
[EventCountry "GER"]
[EventRounds "7"]
[EventType "team-swiss"]
[EventDate "2017.09.29"]

1. e4 e5 2. Nf3 Nc6 3. Bb5 a6 4. Ba4 Bc5 5. O-O b5 6. Bb3 Nf6 7. c3 d6 8. d4
exd4 9. cxd4 Bb4 10. Bd2 Bxd2 11. Nbxd2 O-O 12. h3 Qe7 13. Re1 Bb7 14. Qe2 Rad8
15. e5 dxe5 16. dxe5 Nd5 17. e6 fxe6 18. Qxe6+ Qxe6 19. Rxe6 Kh8 20. Rae1 Nf4
21. R6e3 Nd3 22. R1e2 Nxb2 23. Ne4 Nd1 24. Bxd1 Rxd1+ 25. Re1 Rxe1+ 26. Nxe1
Re8 27. Nc5 Rxe3 28. fxe3 Bc8 29. Ned3 Kg8 30. Kf2 Kf7 31. Ke2 a5 32. Kd2 Be6
33. a3 b4 34. axb4 Nxb4 35. Nb2 Bd5 36. g3 Kf6 37. e4 Bc6 38. Kc3 Ke5 39. Nc4+
Kf6 40. Nxa5 Na2+ 41. Kd4 Be8 42. Nc4 Nc1 43. e5+ Ke7 44. Ke3 Na2 45. Kf4 Nc3
46. g4 Ne2+ 47. Ke3 Nc3 48. h4 Nd5+ 49. Kd4 Nb6 50. Ne3 g6 51. h5 gxh5 52. Nf5+
Kd8 53. Ne6+ Kd7 54. Nf8+ Kd8 55. g5 Bg6 56. Nxg6 hxg6 57. Nh4 Nc8 58. Nxg6 Ne7
59. Nh4 Kd7 60. Ke4 Ke6 61. Nf3 c5 1/2-1/2

[Event "Deutsche Ländermeisterschaft 2017"]
[Site "Hannover GER"]
[Date "2017.10.02"]
[Round "4"]
[White "Müller, Maximilian"]
[Black "Gericke, Luis"]
[Result "1/2-1/2"]
[Termination "normal"]
[Board "9.5"]
[WhiteElo "1389"]
[BlackElo "1517"]
[WhiteTeam "Saarland"]
[BlackTeam "Brandenburg"]
[PlyCount "85"]
[WhiteFideId "16243552"]
[BlackFideId "16212525"]
[EventCountry "GER"]
[EventRounds "7"]
[EventType "team-swiss"]
[EventDate "2017.09.29"]

1. Nf3 d5 2. g3 Nf6 3. Bg2 c6 4. d3 Bf5 5. O-O Nbd7 6. d4 e6 7. Bf4 Be7 8. c3
O-O 9. Qb3 Nb6 10. Nbd2 Bd6 11. Bxd6 Qxd6 12. a4 Rab8 13. Qa3 Qc7 14. Ne5 Nbd7
15. Ndf3 Nxe5 16. Nxe5 Rfe8 17. f3 h6 18. e4 Bh7 19. Rae1 Nd7 20. exd5 exd5 21.
f4 Nf6 22. Qc5 a6 23. Qa3 Ne4 24. Nf3 Re7 25. Re2 Rbe8 26. Rfe1 f6 27. Nd2 Kh8
28. Nxe4 Bxe4 29. Bxe4 Rxe4 30. Rxe4 dxe4 31. Re3 f5 32. Qc5 Qd7 33. Qc4 Qd5
34. Qxd5 cxd5 35. h3 h5 36. Kg2 b5 37. a5 b4 38. cxb4 Rb8 39. Rb3 Rc8 40. Rc3
Rb8 41. Rb3 Rc8 42. Rc3 Rb8 43. Rb3 1/2-1/2

[Event "Deutsche Ländermeisterschaft 2017"]
[Site "Hannover GER"]
[Date "2017.10.02"]
[Round "4"]
[White "Schiewe, Nadin"]
[Black "Fuchs, Emily"]
[Result "1-0"]
[Termination "normal"]
[Board "9.6"]
[WhiteElo "1422"]
[BlackElo "1275"]
[WhiteTeam "Brandenburg"]
[BlackTeam "Saarland"]
[PlyCount "43"]
[WhiteFideId "16209079"]
[BlackFideId "16208986"]
[EventCountry "GER"]
[EventRounds "7"]
[EventType "team-swiss"]
[EventDate "2017.09.29"]

1. d4 Nf6 2. Nf3 e6 3. e3 b6 4. Bd3 Bb7 5. Nbd2 c5 6. c3 Nc6 7. O-O a6 8. b3 d5
9. c4 dxc4 10. Nxc4 cxd4 11. Nxd4 Nxd4 12. exd4 Rc8 13. Bb2 Be7 14. Qe2 O-O 15.
Rfd1 Re8 16. Ne3 Bf8 17. Bxa6 Bxa6 18. Qxa6 e5 19. dxe5 Ra8 20. Qb7 Re7 21.
Rxd8 Rxb7 22. Rxa8 1-0

[Event "Deutsche Ländermeisterschaft 2017"]
[Site "Hannover GER"]
[Date "2017.10.02"]
[Round "4"]
[White "Huppert, Anna"]
[Black "Jungandreas, Tillmann"]
[Result "0-1"]
[Termination "normal"]
[Board "9.7"]
[WhiteElo "1419"]
[BlackElo "1479"]
[WhiteTeam "Saarland"]
[BlackTeam "Brandenburg"]
[PlyCount "146"]
[WhiteFideId "16214439"]
[BlackFideId "16244664"]
[EventCountry "GER"]
[EventRounds "7"]
[EventType "team-swiss"]
[EventDate "2017.09.29"]

1. e4 e5 2. Nf3 Nc6 3. Bc4 Bc5 4. O-O d6 5. d3 Bg4 6. Nc3 Nf6 7. Bb5 a6 8.
Bxc6+ bxc6 9. Qe2 h6 10. Bd2 O-O 11. Nd1 Re8 12. Ne3 Bh5 13. Nf5 Kh7 14. Ng3
Bg4 15. h3 Be6 16. Rfe1 Qd7 17. Kh2 Rg8 18. Be3 Bb6 19. Nh4 Rab8 20. b3 g6 21.
Qf3 Qe7 22. Rac1 Nd7 23. Nhf5 gxf5 24. Nxf5 Bxf5 25. Qxf5+ Rg6 26. Bd2 Rbg8 27.
Re2 Qf6 28. Qxf6 Rxf6 29. Rf1 d5 30. Kh1 d4 31. Kh2 Nc5 32. Kh1 Ne6 33. g3 Ng5
34. Bxg5 hxg5 35. Kh2 Rgg6 36. Kg2 c5 37. Kh2 Ba5 38. Kg2 Rh6 39. Rh1 Bc3 40.
Rf1 a5 41. a4 Rd6 42. Rb1 Rd8 43. Kh2 Re6 44. Kg2 Rf8 45. Kh2 f5 46. g4 fxe4
47. dxe4 Rf3 48. Kg2 Ref6 49. Rf1 d3 50. cxd3 Rxd3 51. Rc2 Rff3 52. Re2 Bd4 53.
Rh1 Rxb3 54. h4 gxh4 55. Rxh4+ Kg7 56. Rh5 Rf4 57. Rg5+ Kh6 58. Rg8 Ra3 59. Rd2
Rxa4 60. Rd3 Rxf2+ 61. Kg3 Rfa2 62. Rh8+ Kg7 63. Rh2 Rxh2 64. Kxh2 Ra1 65. Kg3
a4 66. g5 a3 67. Kh3 a2 68. Kg4 Rf1 69. Ra3 a1=Q 70. Rxa1 Rxa1 71. Kf5 c4 72.
g6 c3 73. Kg5 c2 0-1

[Event "Deutsche Ländermeisterschaft 2017"]
[Site "Hannover GER"]
[Date "2017.10.02"]
[Round "4"]
[White "Gehrke, Gina Celina"]
[Black "Alhassan, Jodi"]
[Result "1/2-1/2"]
[Termination "normal"]
[Board "9.8"]
[WhiteElo "1415"]
[BlackElo "966"]
[WhiteTeam "Brandenburg"]
[BlackTeam "Saarland"]
[PlyCount "107"]
[WhiteFideId "16205979"]
[BlackFideId "16250460"]
[EventCountry "GER"]
[EventRounds "7"]
[EventType "team-swiss"]
[EventDate "2017.09.29"]

1. d4 d5 2. e3 Nf6 3. Bd3 e6 4. Nd2 c5 5. c3 Nc6 6. f4 Be7 7. Ngf3 O-O 8. O-O
b6 9. Ne5 Nxe5 10. fxe5 Nd7 11. Rf3 h6 12. Rh3 Bg5 13. Nf3 f5 14. Nxg5 Qxg5 15.
Qh5 Qxh5 16. Rxh5 Bb7 17. Bd2 c4 18. Bc2 Rac8 19. Rf1 Kh7 20. Rf3 g6 21. Rh4
Rg8 22. Rfh3 h5 23. g4 Kg7 24. gxh5 gxh5 25. Rxh5 Kf8+ 26. Kf2 Re8 27. Ba4 Re7
28. Bxd7 Rxd7 29. Rh7 Rxh7 30. Rxh7 Rg7 31. Rh6 Kf7 32. h4 Rg6 33. Rh5 Kg7 34.
Kf3 Rh6 35. Rg5+ Rg6 36. Kf4 Kh6 37. b3 b5 38. bxc4 bxc4 39. Bc1 a6 40. Ba3
Rxg5 41. hxg5+ Kg6 42. Be7 Bc8 43. Kf3 Kh5 44. Ke2 a5 45. Kd2 Bd7 46. Kc1 Kg6
47. Kb2 Kh5 48. Ka3 Kg6 49. Bd8 Kh5 50. Be7 Kg6 51. Kb2 Kh5 52. Bd8 a4 53. Bf6
Kg6 54. Be7 1/2-1/2 *